[Event "North Island-ch rapid"]
[Site "Auckland"]
[Date "2012.07.15"]
[Round "4"]
[White "Milligan, Helen"]
[Black "Shen, Daniel"]
[Result "1/2-1/2"]
[WhiteElo "1962"]
[BlackElo "2254"]
[PlyCount "76"]
[EventDate "2012.07.15"]
[EventType "swiss (rapid)"]
[EventRounds "6"]
[EventCountry "NZL"]
[SourceTitle "EXT 2018"]
[Source "ChessBase"]
[SourceDate "2017.10.13"]
[SourceVersion "1"]
[SourceVersionDate "2017.10.13"]
[SourceQuality "1"]

1. e4 e5 2. Nf3 Nc6 3. Bb5 a6 4. Ba4 Nf6 5. 0-0 Be7 6. Re1 b5 7. Bb3 d6 8. c3 0-0 9. d4 Bb7 10. d5 Nb8 11. Nbd2 Nbd7 12. Nf1 c6 13. dxc6 Bxc6 14. Ng3 Re8 15. Ng5 Rf8 16. Nf3 h6 17. Bc2 Re8 18. Nf5 Nc5 19. Ng3 Bf8 20. b4 Ncd7 21. a4 a5 22. axb5 Bxb5 23. Nf5 axb4 24. Rxa8 Qxa8 25. cxb4 d5 26. exd5 Bxb4 27. Bd2 Bxd2 28. Qxd2 Qxd5 29. Qb4 Bc6 30. Ne7+ Rxe7 31. Qxe7 e4 32. Rd1 Qh5 33. Qd8+ Kh7 34. Nd4 Bd5 35. Nb5 Qe2 36. Nd4 Qh5 37. Nb5 Qe2 38. Nd4 Qh5 1/2-1/2

[Event "Queenstown op"]
[Site "Queenstown"]
[Date "2012.01.21"]
[Round "7"]
[White "Davies, Geoff"]
[Black "Shen, Daniel"]
[Result "0-1"]
[WhiteElo "1943"]
[BlackElo "2182"]
[PlyCount "40"]
[EventDate "2012.01.15"]
[EventType "swiss"]
[EventRounds "9"]
[EventCountry "NZL"]
[SourceTitle "CBM 146 Extra"]
[Source "ChessBase"]
[SourceDate "2012.02.29"]
[SourceVersion "1"]
[SourceVersionDate "2012.02.29"]
[SourceQuality "1"]

1. e4 e5 2. Nf3 Nc6 3. d4 exd4 4. Bc4 Nf6 5. 0-0 Nxe4 6. Re1 d5 7. Bxd5 Qxd5 8. Nc3 Qh5 9. Nxe4 Be6 10. Bg5 h6 11. Bh4 Bb4 12. c3 dxc3 13. bxc3 Ba5 14. Bg3 0-0 15. Re3 Bb6 16. Nd4 Qxd1+ 17. Rxd1 Rad8 18. Rd2 Nxd4 19. cxd4 Rxd4 20. Red3 Rxe4 0-1

[Event "Queenstown op"]
[Site "Queenstown"]
[Date "2012.01.20"]
[Round "6"]
[White "Shen, Daniel"]
[Black "Zelesco, Karl"]
[Result "0-1"]
[WhiteElo "2182"]
[BlackElo "1990"]
[PlyCount "62"]
[EventDate "2012.01.15"]
[EventType "swiss"]
[EventRounds "9"]
[EventCountry "NZL"]
[SourceTitle "CBM 146 Extra"]
[Source "ChessBase"]
[SourceDate "2012.02.29"]
[SourceVersion "1"]
[SourceVersionDate "2012.02.29"]
[SourceQuality "1"]

1. e4 c5 2. Nf3 d6 3. Bb5+ Nd7 4. d4 cxd4 5. Qxd4 a6 6. Bxd7+ Bxd7 7. c4 Rc8 8. 0-0 Qc7 9. b3 e5 10. Qd3 b5 11. Na3 Qb7 12. Re1 Nf6 13. Nd2 Be7 14. Nc2 Bc6 15. f3 Nh5 16. Ne3 Nf4 17. Qf1 g6 18. Bb2 0-0 19. g3 Ne6 20. Nd5 Bxd5 21. exd5 Nc5 22. Rad1 f5 23. Qe2 Bf6 24. Ba1 b4 25. g4 Qb6 26. Kh1 Qa5 27. Rg1 fxg4 28. Ne4 gxf3 29. Qxf3 Bg7 30. Qe2 Nxe4 31. Qxe4 Qxa2 0-1

[Event "Queenstown op"]
[Site "Queenstown"]
[Date "2012.01.19"]
[Round "5"]
[White "Dragicevic, Domagoj"]
[Black "Shen, Daniel"]
[Result "1-0"]
[WhiteElo "2277"]
[BlackElo "2182"]
[PlyCount "75"]
[EventDate "2012.01.15"]
[EventType "swiss"]
[EventRounds "9"]
[EventCountry "NZL"]
[SourceTitle "CBM 146 Extra"]
[Source "ChessBase"]
[SourceDate "2012.02.29"]
[SourceVersion "1"]
[SourceVersionDate "2012.02.29"]
[SourceQuality "1"]

1. e4 e5 2. Nf3 Nc6 3. Bb5 a6 4. Ba4 Nf6 5. 0-0 Be7 6. Re1 b5 7. Bb3 d6 8. c3 0-0 9. h3 Bb7 10. d3 Re8 11. Nbd2 Bf8 12. Nf1 h6 13. Ng3 Na5 14. Bc2 d5 15. exd5 Qxd5 16. b4 Nc6 17. Nh4 Rad8 18. Qe2 a5 19. a3 Nb8 20. Bb1 c5 21. Ne4 Nxe4 22. dxe4 Qd7 23. bxc5 Bxc5 24. Nf5 Bf8 25. Ba2 Kh7 26. Bb3 a4 27. Bc2 Na6 28. Be3 Nc5 29. Red1 Qc6 30. Rd5 g6 31. Rad1 gxf5 32. Rxd8 Rxd8 33. Rxd8 Be7 34. Qh5 Kg7 35. Bxh6+ Qxh6 36. Rg8+ Kxg8 37. Qxh6 Nxe4 38. Qb6 1-0

[Event "Queenstown op"]
[Site "Queenstown"]
[Date "2012.01.18"]
[Round "4"]
[White "Shen, Daniel"]
[Black "Tionko, Efrain"]
[Result "1-0"]
[WhiteElo "2182"]
[BlackElo "1865"]
[PlyCount "103"]
[EventDate "2012.01.15"]
[EventType "swiss"]
[EventRounds "9"]
[EventCountry "NZL"]
[SourceTitle "CBM 146 Extra"]
[Source "ChessBase"]
[SourceDate "2012.02.29"]
[SourceVersion "1"]
[SourceVersionDate "2012.02.29"]
[SourceQuality "1"]

1. e4 c5 2. Nf3 a6 3. c4 e6 4. Nc3 Qc7 5. Be2 d6 6. d4 cxd4 7. Nxd4 Nf6 8. 0-0 Be7 9. Be3 Nbd7 10. Rc1 b6 11. f3 0-0 12. Qd2 Bb7 13. Rfd1 Rac8 14. Bf1 Qb8 15. Qf2 Bd8 16. b3 Bc7 17. g3 Ne5 18. Nde2 Nfd7 19. Nf4 Rfe8 20. Bg2 Ba8 21. a4 h6 22. h4 Nf6 23. Qd2 Rcd8 24. g4 Nc6 25. g5 hxg5 26. hxg5 Nd7 27. Bh3 Nde5 28. Qf2 Ne7 29. Nh5 d5 30. cxd5 exd5 31. f4 N5g6 32. e5 Qb7 33. Bd4 Nc6 34. Ne2 Ncxe5 35. fxe5 Bxe5 36. Bg2 Qe7 37. Rf1 Rd7 38. Qf5 Bxd4+ 39. Nxd4 Qe3+ 40. Kh1 Rde7 41. Rc8 Rxc8 42. Qxc8+ Kh7 43. Nf5 Qxg5 44. Nxe7 Qxh5+ 45. Kg1 Nxe7 46. Qxa8 Qg5 47. Qxa6 Qe3+ 48. Rf2 f5 49. Qe2 f4 50. Qh5+ Kg8 51. Bxd5+ Nxd5 52. Qxd5+ 1-0

[Event "Queenstown op"]
[Site "Queenstown"]
[Date "2012.01.16"]
[Round "2"]
[White "Shen, Daniel"]
[Black "Zhao, Jun"]
[Result "0-1"]
[WhiteElo "2182"]
[BlackElo "2569"]
[PlyCount "46"]
[EventDate "2012.01.15"]
[EventType "swiss"]
[EventRounds "9"]
[EventCountry "NZL"]
[SourceTitle "CBM 146 Extra"]
[Source "ChessBase"]
[SourceDate "2012.02.29"]
[SourceVersion "1"]
[SourceVersionDate "2012.02.29"]
[SourceQuality "1"]

1. e4 c5 2. Nf3 d6 3. Bb5+ Nd7 4. d4 cxd4 5. Qxd4 a6 6. Bxd7+ Bxd7 7. c4 Nf6 8. Bg5 Rc8 9. 0-0 Qc7 10. Nfd2 Ng4 11. h3 h6 12. Bh4 Ne5 13. Na3 g5 14. Bg3 Bg7 15. Qe3 0-0 16. Rab1 b5 17. Qe2 Nxc4 18. Rfc1 Qa5 19. Ndxc4 bxc4 20. Rxc4 Rxc4 21. Qxc4 Be6 22. Qe2 Rb8 23. Nc2 Qxa2 0-1

[Event "George Trundle IM"]
[Site "Auckland"]
[Date "2011.07.19"]
[Round "4"]
[White "Shen, Daniel"]
[Black "Smith, Robert Wayne"]
[Result "1/2-1/2"]
[WhiteElo "2165"]
[BlackElo "2281"]
[PlyCount "75"]
[EventDate "2011.07.16"]
[EventType "tourn"]
[EventRounds "9"]
[EventCountry "NZL"]
[EventCategory "2"]
[SourceTitle "EXT 2018"]
[Source "ChessBase"]
[SourceDate "2017.10.13"]
[SourceVersion "1"]
[SourceVersionDate "2017.10.13"]
[SourceQuality "1"]

1. e4 c5 2. Nf3 e6 3. c4 a6 4. Nc3 Qc7 5. g3 b6 6. Bg2 Bb7 7. 0-0 Nc6 8. Re1 Nge7 9. d3 d6 10. Be3 Ng6 11. Rc1 Be7 12. d4 0-0 13. b3 cxd4 14. Nxd4 Nge5 15. Nd5 exd5 16. cxd5 Qd7 17. dxc6 Nxc6 18. Nxc6 Bxc6 19. Bxb6 Qb7 20. Bd4 Rfe8 21. f4 Bf8 22. Qc2 Rac8 23. Bh3 Bd7 24. Qg2 Rxc1 25. Rxc1 Bxh3 26. Qxh3 Qxe4 27. Bf2 Re6 28. Qg2 Qe2 29. Qa8 Re8 30. Qc6 Qd2 31. Rc2 Qd1+ 32. Kg2 h5 33. Rc1 Qd2 34. Qxe8 Qxc1 35. Qa8 Qa3 36. b4 Qxb4 37. Qxa6 Qe4+ 38. Kg1 1/2-1/2

[Event "NZL-ch 118th"]
[Site "Auckland"]
[Date "2011.01.12"]
[Round "11"]
[White "Smith, Robert Wayne"]
[Black "Shen, Daniel"]
[Result "1/2-1/2"]
[WhiteElo "2287"]
[BlackElo "2187"]
[PlyCount "50"]
[EventDate "2011.01.02"]
[EventType "swiss"]
[EventRounds "11"]
[EventCountry "NZL"]
[SourceTitle "CBM 140 Extra"]
[Source "ChessBase"]
[SourceDate "2011.03.01"]
[SourceVersion "1"]
[SourceVersionDate "2011.03.01"]
[SourceQuality "1"]

1. e4 e5 2. Nf3 Nc6 3. Bc4 Bc5 4. c3 Nf6 5. d4 exd4 6. cxd4 Bb4+ 7. Bd2 Bxd2+ 8. Nbxd2 d5 9. exd5 Nxd5 10. Qb3 Na5 11. Qa4+ Nc6 12. Qb3 Nce7 13. 0-0 0-0 14. Rfe1 c6 15. Ne4 Qb6 16. Nc3 Qxb3 17. Bxb3 Be6 18. Ng5 Bd7 19. Nxd5 Nxd5 20. Bxd5 cxd5 21. Re7 Bc6 22. Rae1 Rae8 23. Rxe8 Rxe8 24. Rxe8+ Bxe8 25. Nh3 f6 1/2-1/2

[Event "NZL-ch 118th"]
[Site "Auckland"]
[Date "2011.01.11"]
[Round "10"]
[White "Shen, Daniel"]
[Black "McLaren, Leonard"]
[Result "1/2-1/2"]
[WhiteElo "2187"]
[BlackElo "2207"]
[PlyCount "56"]
[EventDate "2011.01.02"]
[EventType "swiss"]
[EventRounds "11"]
[EventCountry "NZL"]
[SourceTitle "CBM 140 Extra"]
[Source "ChessBase"]
[SourceDate "2011.03.01"]
[SourceVersion "1"]
[SourceVersionDate "2011.03.01"]
[SourceQuality "1"]

1. e4 c5 2. Nf3 d6 3. Bb5+ Nd7 4. d4 Ngf6 5. Nc3 a6 6. Bxd7+ Nxd7 7. dxc5 Nxc5 8. 0-0 e6 9. Bg5 Qc7 10. Re1 f6 11. Be3 Nd7 12. Nd2 b5 13. a3 Bb7 14. f4 g6 15. Nf3 Kf7 16. Nd4 Rg8 17. Qg4 Re8 18. Qh3 e5 19. Nf3 Kg7 20. Rad1 Nb6 21. Kh1 Kh8 22. fxe5 dxe5 23. a4 Bc8 24. Qh4 g5 25. Qf2 Nxa4 26. Nd5 Qc6 27. c3 Nc5 28. Nb4 Qc7 1/2-1/2

[Event "NZL-ch 118th"]
[Site "Auckland"]
[Date "2011.01.09"]
[Round "8"]
[White "Shen, Daniel"]
[Black "Dive, Russell John"]
[Result "1-0"]
[WhiteElo "2187"]
[BlackElo "2375"]
[PlyCount "67"]
[EventDate "2011.01.02"]
[EventType "swiss"]
[EventRounds "11"]
[EventCountry "NZL"]
[SourceTitle "CBM 140 Extra"]
[Source "ChessBase"]
[SourceDate "2011.03.01"]
[SourceVersion "1"]
[SourceVersionDate "2011.03.01"]
[SourceQuality "1"]

1. e4 Nf6 2. e5 Nd5 3. d4 d6 4. c4 Nb6 5. exd6 exd6 6. Nc3 Be7 7. Nf3 0-0 8. Be2 Bg4 9. 0-0 Nc6 10. b3 a5 11. Be3 f5 12. d5 Bxf3 13. gxf3 Ne5 14. f4 Ng6 15. Nb5 Bf6 16. Nd4 Bxd4 17. Qxd4 Qh4 18. Kh1 Nd7 19. Rg1 Nf6 20. Rg5 Ne4 21. Rh5 Qe7 22. Re1 Rae8 23. Rh3 Qd7 24. Bh5 Re7 25. Rg1 Rf6 26. f3 Nc5 27. Rhg3 Kf7 28. Bd2 Re2 29. Bc3 Qe7 30. R3g2 Rxg2 31. Rxg2 Kg8 32. Bxa5 Nh4 33. Rg1 Qe2 34. Qxf6 1-0

[Event "NZL-ch 118th"]
[Site "Auckland"]
[Date "2011.01.08"]
[Round "7"]
[White "Steadman, Michael VR"]
[Black "Shen, Daniel"]
[Result "1/2-1/2"]
[WhiteElo "2242"]
[BlackElo "2187"]
[PlyCount "165"]
[EventDate "2011.01.02"]
[EventType "swiss"]
[EventRounds "11"]
[EventCountry "NZL"]
[SourceTitle "CBM 140 Extra"]
[Source "ChessBase"]
[SourceDate "2011.03.01"]
[SourceVersion "1"]
[SourceVersionDate "2011.03.01"]
[SourceQuality "1"]

1. c4 Nf6 2. Nc3 e6 3. d4 d5 4. cxd5 exd5 5. Bg5 c6 6. e3 Nbd7 7. Bd3 Be7 8. Qc2 Nf8 9. Nge2 Ne6 10. Bh4 g6 11. 0-0 Ng7 12. f3 0-0 13. Rad1 Nf5 14. Bf2 Be6 15. h3 Rc8 16. Qd2 Qd7 17. g4 Ng7 18. Bb1 Nfe8 19. Nf4 f5 20. Bg3 Nd6 21. b3 Nf7 22. Na4 b6 23. Nb2 Bd6 24. Qg2 Rfd8 25. Nbd3 c5 26. dxc5 bxc5 27. Rfe1 c4 28. Nxe6 Qxe6 29. Nf4 Bxf4 30. Bxf4 Ne5 31. Bh6 fxg4 32. hxg4 Rf8 33. Bf4 c3 34. Bc2 Nc6 35. a3 d4 36. exd4 Qxe1+ 37. Rxe1 Rxf4 38. Be4 Nxd4 39. Qf2 c2 40. Rc1 Nge6 41. Bd5 Rcf8 42. Qe3 R8f6 43. Kg2 g5 44. Qe5 Kg7 45. Bxe6 Nxe6 46. Rxc2 Rxf3 47. Rc3 R3f4 48. Kg3 Rf1 49. Qe3 a6 50. Rc1 R1f4 51. Rd1 Nf8 52. Rd5 h6 53. Rf5 R4xf5 54. gxf5 Rxf5 55. Qa7+ Rf7 56. Qxa6 h5 57. Qd6 h4+ 58. Kg4 Nh7 59. Qe5+ Kg6 60. Qe6+ Nf6+ 61. Kh3 Rd7 62. Qe2 Rh7 63. b4 g4+ 64. Kh2 Rh5 65. b5 g3+ 66. Kh3 Rg5 67. Qg2 Rxb5 68. Qc2+ Kh6 69. Qd2+ Rg5 70. Kxh4 Ne4 71. Qg2 Nd6 72. Kh3 Nf5 73. Qc6+ Rg6 74. Qc1+ Kh7 75. Qc7+ Rg7 76. Qf4 Kg6 77. Kg2 Rh7 78. Qe4 Rh2+ 79. Kg1 Kg5 80. Qf3 Rd2 81. a4 Ra2 82. Qd1 Rg2+ 83. Kxg2 1/2-1/2

[Event "George Trundle IM"]
[Site "Auckland"]
[Date "2010.07.11"]
[Round "9"]
[White "Steadman, Michael VR"]
[Black "Shen, Daniel"]
[Result "1/2-1/2"]
[WhiteElo "2277"]
[BlackElo "2163"]
[PlyCount "21"]
[EventDate "2010.07.03"]
[EventType "tourn"]
[EventRounds "9"]
[EventCountry "NZL"]
[EventCategory "2"]
[SourceTitle "EXT 2018"]
[Source "ChessBase"]
[SourceDate "2017.10.13"]
[SourceVersion "1"]
[SourceVersionDate "2017.10.13"]
[SourceQuality "1"]

1. c4 Nf6 2. Nc3 e6 3. d4 d5 4. Nf3 c6 5. e3 Nbd7 6. Bd3 Bd6 7. 0-0 0-0 8. e4 dxe4 9. Nxe4 Nxe4 10. Bxe4 h6 11. b3 1/2-1/2

[Event "George Trundle IM"]
[Site "Auckland"]
[Date "2010.07.10"]
[Round "8"]
[White "Shen, Daniel"]
[Black "Cheng, Bobby Sky"]
[Result "1/2-1/2"]
[WhiteElo "2163"]
[BlackElo "2332"]
[PlyCount "61"]
[EventDate "2010.07.03"]
[EventType "tourn"]
[EventRounds "9"]
[EventCountry "NZL"]
[EventCategory "2"]
[SourceTitle "EXT 2018"]
[Source "ChessBase"]
[SourceDate "2017.10.13"]
[SourceVersion "1"]
[SourceVersionDate "2017.10.13"]
[SourceQuality "1"]

1. e4 e6 2. d4 d5 3. Nc3 Bb4 4. e5 c5 5. Bd2 cxd4 6. Nb5 Bc5 7. Qg4 Kf8 8. Nxd4 Nc6 9. Nxc6 bxc6 10. b4 Bb6 11. Nf3 Ne7 12. Bd3 c5 13. bxc5 Bxc5 14. Bb4 Rb8 15. Bxc5 Qa5+ 16. Ke2 Qxc5 17. Rab1 Rb6 18. Qd4 Qxd4 19. Nxd4 Nc6 20. Nxc6 Rxc6 21. Rb8 Ke7 22. Rhb1 Rd8 23. Kd2 Ba6 24. Bxa6 Rxb8 25. Rxb8 Rxa6 26. Rb7+ Ke8 27. Rb8+ Ke7 28. Rb7+ Ke8 29. Rb8+ Kd7 30. Rb7+ Ke8 31. Rb8+ 1/2-1/2

[Event "George Trundle IM"]
[Site "Auckland"]
[Date "2010.07.05"]
[Round "3"]
[White "Smith, Robert Wayne"]
[Black "Shen, Daniel"]
[Result "1/2-1/2"]
[WhiteElo "2273"]
[BlackElo "2163"]
[PlyCount "37"]
[EventDate "2010.07.03"]
[EventType "tourn"]
[EventRounds "9"]
[EventCountry "NZL"]
[EventCategory "2"]
[SourceTitle "EXT 2018"]
[Source "ChessBase"]
[SourceDate "2017.10.13"]
[SourceVersion "1"]
[SourceVersionDate "2017.10.13"]
[SourceQuality "1"]

1. d4 d5 2. c4 c6 3. Nf3 Nf6 4. e3 e6 5. Nc3 Nbd7 6. Qc2 Bd6 7. g4 Bb4 8. Bd2 Bxc3 9. Bxc3 Ne4 10. Bd3 Nxc3 11. Qxc3 Qf6 12. Ke2 0-0 13. Rhg1 c5 14. g5 Qe7 15. cxd5 exd5 16. h4 cxd4 17. Qxd4 Nc5 18. h5 f5 19. Qe5 1/2-1/2

[Event "Sydney op"]
[Site "Parramatta"]
[Date "2010.04.11"]
[Round "9"]
[White "Johansen, Darryl Keith"]
[Black "Shen, Daniel"]
[Result "1-0"]
[WhiteElo "2457"]
[BlackElo "2197"]
[PlyCount "101"]
[EventDate "2010.04.07"]
[EventType "swiss"]
[EventRounds "9"]
[EventCountry "AUS"]
[SourceTitle "CBM 135 Extra"]
[Source "ChessBase"]
[SourceDate "2010.05.04"]
[SourceVersion "1"]
[SourceVersionDate "2010.05.04"]
[SourceQuality "1"]

1. c4 Nf6 2. Nc3 e6 3. e4 d5 4. e5 d4 5. exf6 dxc3 6. bxc3 Qxf6 7. Nf3 Nc6 8. d4 h6 9. Bd3 Bd6 10. 0-0 0-0 11. Qe2 Ne7 12. c5 Bf4 13. Bb2 c6 14. c4 Ng6 15. g3 Bb8 16. Qe3 Re8 17. Ne5 Bxe5 18. dxe5 Qe7 19. Rfd1 Rd8 20. Be4 Bd7 21. Rd6 Be8 22. Rad1 Nf8 23. Bc2 Nd7 24. Be4 Nf8 25. h4 Rac8 26. Qd2 Nd7 27. Bd4 Nf8 28. Bc3 Rd7 29. Qe3 Rdd8 30. a4 Ra8 31. a5 a6 32. Bc2 Rab8 33. Qf3 Rdc8 34. Qg4 Kh8 35. Bd4 Qc7 36. Ra1 Qe7 37. Be3 Ra8 38. Bd4 Rab8 39. Ra3 Ra8 40. Rf3 Rab8 41. Qe4 Kg8 42. Bc3 Kh8 43. Bd2 h5 44. Bg5 Qc7 45. Ra3 Kg8 46. Bd2 Qe7 47. Re3 f6 48. exf6 gxf6 49. Qf4 e5 50. Qh6 Nd7 51. Bf5 1-0

[Event "Sydney op"]
[Site "Parramatta"]
[Date "2010.04.09"]
[Round "5"]
[White "Ansell, Alan"]
[Black "Shen, Daniel"]
[Result "0-1"]
[WhiteElo "1968"]
[BlackElo "2197"]
[PlyCount "98"]
[EventDate "2010.04.07"]
[EventType "swiss"]
[EventRounds "9"]
[EventCountry "AUS"]
[SourceTitle "CBM 135 Extra"]
[Source "ChessBase"]
[SourceDate "2010.05.04"]
[SourceVersion "1"]
[SourceVersionDate "2010.05.04"]
[SourceQuality "1"]

1. d4 d5 2. c4 c6 3. Nf3 Nf6 4. Qc2 e6 5. Bf4 Nbd7 6. Nbd2 Be7 7. 0-0-0 Qa5 8. Kb1 c5 9. e3 0-0 10. Ne5 Nxe5 11. Bxe5 cxd4 12. exd4 Bd7 13. Bd3 Rfc8 14. g4 g6 15. h4 dxc4 16. Nxc4 Rxc4 17. Bxc4 Nxg4 18. Qe2 Nxe5 19. dxe5 Bc6 20. Rh3 Rd8 21. Rdd3 Rxd3 22. Bxd3 Bd5 23. b3 Ba3 24. Bc2 Qb4 25. Qe3 Qg4 26. Rg3 Qxh4 27. Rg1 b6 28. Rd1 Bc5 29. Qe2 Qxf2 30. Qa6 Bd4 31. Qc8+ Kg7 32. Qc7 Be4 33. Rc1 Bxc2+ 34. Rxc2 Qe1+ 35. Rc1 Qxe5 36. Qxa7 Qe4+ 37. Rc2 h5 38. Qc7 h4 39. a4 Qe1+ 40. Rc1 Qd2 41. Qc2 Qxc2+ 42. Rxc2 g5 43. b4 h3 44. a5 bxa5 45. bxa5 g4 46. Rh2 Kg6 47. Kc2 Kf5 48. Rd2 Bc5 49. a6 g3 0-1

[Event "Sydney op"]
[Site "Parramatta"]
[Date "2010.04.08"]
[Round "4"]
[White "Shen, Daniel"]
[Black "Guo, Emma"]
[Result "1/2-1/2"]
[WhiteElo "2197"]
[BlackElo "1941"]
[PlyCount "68"]
[EventDate "2010.04.07"]
[EventType "swiss"]
[EventRounds "9"]
[EventCountry "AUS"]
[SourceTitle "CBM 135 Extra"]
[Source "ChessBase"]
[SourceDate "2010.05.04"]
[SourceVersion "1"]
[SourceVersionDate "2010.05.04"]
[SourceQuality "1"]

1. e4 c5 2. Nf3 e6 3. c4 a6 4. Nc3 Nc6 5. Be2 d6 6. d4 cxd4 7. Nxd4 Nf6 8. Be3 Be7 9. 0-0 0-0 10. Rc1 Bd7 11. f3 Rc8 12. Qd2 Nxd4 13. Bxd4 Bc6 14. Rfd1 Nd7 15. Be3 e5 16. Nd5 Bxd5 17. cxd5 f5 18. Rxc8 Qxc8 19. Rc1 Qb8 20. Qc2 f4 21. Bf2 Bd8 22. Qa4 Rf7 23. Qb4 Nc5 24. Qd2 Rc7 25. Bd1 Nd7 26. Rxc7 Qxc7 27. Qc2 Qxc2 28. Bxc2 Bb6 29. b4 Bxf2+ 30. Kxf2 Kf7 31. a4 Ke7 32. a5 Kd8 33. g3 g5 34. Bd3 b5 1/2-1/2

[Event "Sydney op"]
[Site "Parramatta"]
[Date "2010.04.07"]
[Round "1"]
[White "Shaw, Robin A"]
[Black "Shen, Daniel"]
[Result "1/2-1/2"]
[WhiteElo "1879"]
[BlackElo "2197"]
[PlyCount "65"]
[EventDate "2010.04.07"]
[EventType "swiss"]
[EventRounds "9"]
[EventCountry "AUS"]
[SourceTitle "CBM 135 Extra"]
[Source "ChessBase"]
[SourceDate "2010.05.04"]
[SourceVersion "1"]
[SourceVersionDate "2010.05.04"]
[SourceQuality "1"]

1. e4 e5 2. Nf3 Nc6 3. d4 exd4 4. Bc4 Nf6 5. e5 d5 6. Bb5 Ne4 7. c3 dxc3 8. Nxc3 Bb4 9. Bd2 Nxd2 10. Bxc6+ bxc6 11. Qxd2 0-0 12. a3 Be7 13. 0-0 Bg4 14. Nd4 Qd7 15. h3 Be6 16. f4 c5 17. Nxe6 fxe6 18. f5 d4 19. f6 gxf6 20. exf6 Bxf6 21. Ne4 Bg7 22. Qg5 Qd5 23. Qxd5 exd5 24. Nxc5 Rae8 25. Rae1 Rxf1+ 26. Kxf1 Kf7 27. Rxe8 Kxe8 28. Ke2 Ke7 29. b4 Kd6 30. Nd3 Ke6 31. Kf3 c6 32. Nf4+ Kd6 33. Nd3 1/2-1/2

[Event "NZL-ch 117th"]
[Site "Auckland"]
[Date "2010.01.05"]
[Round "4"]
[White "Shen, Daniel"]
[Black "Marner, Gavin"]
[Result "1-0"]
[WhiteElo "2142"]
[BlackElo "2039"]
[PlyCount "59"]
[EventDate "2010.01.02"]
[EventType "swiss"]
[EventRounds "11"]
[EventCountry "NZL"]
[SourceTitle "CBM 134 Extra"]
[Source "ChessBase"]
[SourceDate "2010.03.03"]
[SourceVersion "1"]
[SourceVersionDate "2010.03.03"]
[SourceQuality "1"]

1. e4 d5 2. exd5 Qxd5 3. Nc3 Qa5 4. Nf3 Bf5 5. Bc4 c6 6. d4 e6 7. Bd2 Nd7 8. 0-0 Qc7 9. Re1 0-0-0 10. a3 Ngf6 11. b4 Nb6 12. Bd3 Bg4 13. Be3 Nfd5 14. Nxd5 Nxd5 15. c4 Nxe3 16. fxe3 Kb8 17. Be2 Bxf3 18. Bxf3 e5 19. d5 f5 20. e4 f4 21. c5 g5 22. d6 Qf7 23. Rb1 b5 24. a4 a6 25. axb5 axb5 26. Ra1 Kb7 27. Re2 Ra8 28. Rxa8 Kxa8 29. Qa1+ Qa7 30. Ra2 1-0

[Event "NZL-ch 117th"]
[Site "Auckland"]
[Date "2010.01.03"]
[Round "2"]
[White "Shen, Daniel"]
[Black "Gunn, Neil J"]
[Result "1/2-1/2"]
[WhiteElo "2142"]
[BlackElo "2040"]
[PlyCount "54"]
[EventDate "2010.01.02"]
[EventType "swiss"]
[EventRounds "11"]
[EventCountry "NZL"]
[SourceTitle "CBM 134 Extra"]
[Source "ChessBase"]
[SourceDate "2010.03.03"]
[SourceVersion "1"]
[SourceVersionDate "2010.03.03"]
[SourceQuality "1"]

1. e4 c5 2. Nf3 Nc6 3. Bb5 g6 4. Bxc6 dxc6 5. h3 e5 6. d3 f6 7. Be3 Nh6 8. Qd2 Nf7 9. Nc3 Be6 10. h4 Be7 11. Ne2 Qc7 12. Ng3 Rd8 13. h5 g5 14. Qc3 b6 15. Nd2 Nd6 16. a4 Nf7 17. f3 h6 18. Nf5 0-0 19. Kf2 Kh7 20. Nxe7 Qxe7 21. g4 a5 22. b3 Nd6 23. Nc4 Bxc4 24. bxc4 Rb8 25. Rhb1 Rb7 26. Rb3 Rfb8 27. Qb2 Kg7 1/2-1/2

[Event "George Trundle Qualifier"]
[Site "Auckland"]
[Date "2009.10.02"]
[Round "7"]
[White "Shen, Daniel"]
[Black "Taylor, Richard"]
[Result "1-0"]
[WhiteElo "2125"]
[BlackElo "1942"]
[PlyCount "62"]
[EventDate "2009.09.26"]
[EventType "tourn"]
[EventRounds "9"]
[EventCountry "NZL"]
[SourceTitle "EXT 2018"]
[Source "ChessBase"]
[SourceDate "2017.10.13"]
[SourceVersion "1"]
[SourceVersionDate "2017.10.13"]
[SourceQuality "1"]

1. e4 c6 2. d4 d5 3. exd5 cxd5 4. Bd3 Nf6 5. c3 Nc6 6. Nf3 Bg4 7. Qb3 Qc7 8. Nbd2 e6 9. 0-0 Bd6 10. Re1 0-0-0 11. h3 h5 12. Qc2 Bf4 13. b4 e5 14. b5 e4 15. bxc6 exf3 16. cxb7+ Kb8 17. Nxf3 Bxf3 18. gxf3 h4 19. Be3 Rh5 20. Qd2 Rg5+ 21. Kh1 Nh5 22. Rac1 Bxe3 23. Qxe3 Nf4 24. Bf1 f6 25. c4 Kxb7 26. cxd5 Qd6 27. Ba6+ Ka8 28. Qe8 Rg1+ 29. Kxg1 Nxh3+ 30. Kg2 Nf4+ 31. Kh1 Qxd5 1-0

[Event "George Trundle Qualifier"]
[Site "Auckland"]
[Date "2009.09.29"]
[Round "4"]
[White "Gibbons, Robert"]
[Black "Shen, Daniel"]
[Result "1-0"]
[WhiteElo "1992"]
[BlackElo "2125"]
[PlyCount "91"]
[EventDate "2009.09.26"]
[EventType "tourn"]
[EventRounds "9"]
[EventCountry "NZL"]
[SourceTitle "EXT 2018"]
[Source "ChessBase"]
[SourceDate "2017.10.13"]
[SourceVersion "1"]
[SourceVersionDate "2017.10.13"]
[SourceQuality "1"]

1. e4 e5 2. Nf3 Nc6 3. Nc3 Nf6 4. Bb5 Bb4 5. 0-0 0-0 6. d3 d6 7. Bg5 Bxc3 8. bxc3 Bg4 9. h3 Bh5 10. g4 Bg6 11. Nh4 h6 12. Nxg6 fxg6 13. Be3 g5 14. h4 Nh7 15. h5 Qe7 16. Rb1 Nd8 17. Kg2 c6 18. Bc4+ Kh8 19. Qe2 b5 20. Bb3 Ne6 21. f3 Nf4+ 22. Bxf4 gxf4 23. Qf2 Nf6 24. Qh4 Rfe8 25. Rh1 Nd7 26. Qxe7 Rxe7 27. d4 exd4 28. cxd4 Nb6 29. a3 Rc8 30. Rhe1 Rce8 31. Kf2 a5 32. Rbc1 a4 33. Ba2 d5 34. e5 Re6 35. Ke2 Kg8 36. Kd3 Kf8 37. Rg1 Nc4 38. Bxc4 bxc4+ 39. Kc3 Rb8 40. Rb1 Ree8 41. Rb4 Rxb4 42. Kxb4 Rb8+ 43. Kc5 Rb2 44. Kd6 c3 45. Rc1 Ra2 46. Kd7 1-0